000 00641nam a2200253Ia 4500
001 4522
005 20240113233741.0
007 ta
008 050613s g b000 u hin u
020 _cHB
040 _aCotton College,Assam
041 _ahin
082 _a891.43109
_bV 59 Su
100 _aVerma, Brajeswar .
245 0 _aSur-Mimansa /
_cBrajeswar Verma.
_hTextual Documents
250 _a1st ed. /
260 _aDelhi :
_bAriental Book Depo ,
_cnd.
300 _a199p. ;
_c18cm.
653 _aHindi poetry-Criticism
653 _aGen-Hindi
942 _2ddc
_cBK
999 _c4509
_d4509